000 00417cam a2200169 4500
008 090401t1968 xxu||||| |||| 00| 0 eng d
020 _a0105472689
035 _a(Sirsi) u73598
041 _aeng
110 _aUnited Kingdom
_kLaws, etc
_95044
245 _aTown and Country Planning Act 1968.
260 _aLondon
_bHMSO
_c1968
300 _avi,141p. ; 25cm.
350 _a0
942 _n0
948 _c04/03/1997
999 _c95643
_d95643